01020cam a22003011 4500999001700000001000800017003000400025005001700029008004100046010001700087035001900104040002800123042001200151050001600163082001100179110004200190245005100232260002100283300003100304490005100335504002600386650002300412700003300435830004900468906004500517942003300562952012300595 c27174d271748368260OSt20170207145726.0750513s1950 nyua b 000 0 eng  a 51002387  a(OCoLC)1329237 aDLCcNNCU-GdOCoLCdDLC apremarc00aNK1510b.N4 a745.432 aMuseum of Modern Art (New York, N.Y.)10aWhat is modern design?cBy Edgar Kaufmann, Jr. aNew Yorkc[1950] a30, [2] p.billus.c26 cm.1 aIts Introductory series to the modern arts,v3 aBibliography: p. [32] 0aIndustrial design.1 aKaufmann, Edgar,d1910-1989. 0aIntroductory series to the modern arts ;v3. a7bcbccoclcrplduencipf19gy-gencatlg 2lcccBOOKShNK 1510 .N4 1950 00102lcc4070aMUCbMUCcTECHd2017-02-07eDonation (BFA)l0oNK 1510 .N4 1950p34542r2018-08-02w2017-02-07yBOOKS